TOLES [i.e. Test of Legal English Skills] Legal English : Advanced English for Lawyers : Plain and Simple, International Legal English for Lawyers, Law Professionals and Law Students : TOLES Edition /
Guardat en:
| Autor principal: | |
|---|---|
| Format: | Llibre |
| Idioma: | anglès |
| Publicat: |
Inglaterra? :
IDM Legal English Books,
2019, c2019
|
| Matèries: | |
| Etiquetes: |
Sense etiquetes, Sigues el primer a etiquetar aquest registre!
|
MARC
| LEADER | 00000nam^a2200000^a^4500 | ||
|---|---|---|---|
| 001 | 000578194 | ||
| 005 | 20250521000000.0 | ||
| 009 | 20260310132504.182 | ||
| 020 | |a 978-1-6940-9718-7 | ||
| 037 | |a Acervo ITESO - Biblioteca | ||
| 041 | |a ING | ||
| 082 | |a 340. 14 |b ROC | ||
| 100 | |a Roche, Marc |e (autor) | ||
| 245 | 1 | 0 | |a TOLES [i.e. Test of Legal English Skills] Legal English : |b Advanced English for Lawyers : Plain and Simple, International Legal English for Lawyers, Law Professionals and Law Students : TOLES Edition / |c M. Roche. |
| 264 | 4 | |a Inglaterra? : |b IDM Legal English Books, |c 2019, c2019 | |
| 300 | |a 192 p. | ||
| 336 | |a texto |b txt |2 rdacontenido | ||
| 337 | |a sin mediación |b n |2 rdamedio | ||
| 338 | |a volumen |b nc |2 rdasoporte | ||
| 500 | |a Basado en: Master Legal Vocabulary and Legal Terminology, de Marc Roche | ||
| 521 | |a 2024 BO Licenciatura en Traducción e Interpretación | ||
| 649 | |a XX | ||
| 650 | |a Lenguaje Jurídico - |z Gran Bretaña - |x Tema Principal | ||
| 650 | |a Lenguajes Profesionales | ||
| 650 | |a Inglés como Lengua Extranjera - |x Estudio y Enseñanza - |x Tema Principal | ||
| 650 | |a Inglés en Gran Bretaña - |x Estudio y Enseñanza - |x Tema Principal | ||
| 650 | |a Sistemas Jurídicos - |z Gran Bretaña | ||
| 650 | |a Sistemas Jurídicos Anglosajones | ||
| 650 | |a Derecho - |z Gran Bretaña | ||
| 910 | |a Fondo General | ||
| 920 | |a Impresos - Libros | ||
| 930 | |a Colección General | ||
| 905 | |a 101 | ||
| 901 | |a 0500406893 |b IT1 |c ACC |i C185353 |u 20250521 | ||
| 902 | |a https://opac.biblio.iteso.mx/vufind/Record/000578194 | ||